000 00724 a2200193 4500
999 _c4085
_d4085
020 _a0205261426 (alk. paper)
050 0 0 _aLB 2369 DEE 1993
100 1 _aDees, Robert.
_eAuthor
245 1 0 _aWriting the modern research paper /
_cRobert Dees.
250 _a2nd ed.
264 _aUnited States of America:
_bAlly and Bacon ,
_c1993
300 _axii, 404p. :
_bill. (some col.) ;
500 _aIncludes bibliographical references (p. 180-185).
504 _aIncludes bibliographical references (p. 376-396) and indexes.
650 0 _aReport writing.
650 0 _aResearch.
942 _2lcc
_cBK
_h2369
_iDEE
_kLB